000 00492nam a2200193 a 4500
001 1765892289628
003 YourLibrary
005 20251222113021.0
008 251216s2001##################000#0#eng##
020 _a9780415250511
082 0 4 _a230.046
_bCRO
100 1 _aCrockett, Clayton,
_eauthor.
245 1 0 _aSecular Theology :
260 _bPsychology Press,
_c2001.
300 _a284 pages
650 0 _aPhilosophy.
942 _cENGLISH
040 _aYourLibrary
_beng
_cYourLibrary
999 _c603771
_d603771